000 00636nam a2200217 i 4500
001 66600
003 ES-MaACL
005 20250808010510.0
007 t|
008 030121s2002 sp ||||0| spa d
020 _a84-88159-18-8
040 _aM-BN
_bspa
_cM-BN
080 _a171
100 1 _aCencillo, Luis.
_937397
245 1 0 _aGuía de perdedores, perdidizos y perdidos
_b: (la felicidad sustantiva) /
_cLuis Cencillo.
260 _a[Madrid] :
_bSyntagma,
_c[2002]
300 _a490 p. ;
_c21 cm.
650 1 7 _aMoral práctica
_2embne
_911261
852 _aES-MaACL
_jL-27111
_bR.132644
999 _c66600
_d66600